Countries that dont exist anymore - Statistics

General Stats
  • This quiz has been taken 84 times
  • The average score is 8 of 15
Answer Stats
Hint Answer % Correct
Big Balkan Country Yugoslavia
89%
Czech union Czechoslovakia
85%
Currently US State Texas
76%
Fought against USA USSR
71%
Current Chinese region Tibet
68%
A union during WW1 Austria-Hungary
66%
Before German Empire Prussia
63%
DDR East Germany
58%
Ho CHi Minh South Vietnam
55%
Like Korea but Yemen South Yemen
50%
BDR West Germany
44%
Syria and Egypt UAR
23%
Scandinavian union Sweden-Norway
15%
Failed independence Chechnya
3%
Similar to Palestine flag Hejaz
2%
No matching quizzes found
Score Distribution
Percent of People with Each Score
Percentile by Number Answered
Your Score History
You have not taken this quiz